[Event "Kuala Lumpur UM KPT op"]
[Site "Kuala Lumpur"]
[Date "2016.12.18"]
[Round "7"]
[White "Yim, Sheng Zhou Joash"]
[Black "Aminuddin, Nur Farihah"]
[Result "1/2-1/2"]
[WhiteElo "1261"]
[BlackElo "1569"]
[PlyCount "118"]
[EventDate "2016.12.16"]
[EventType "swiss"]
[EventRounds "9"]
[EventCountry "MAS"]
[SourceTitle "CBM 176 Extra"]
[Source "ChessBase"]
[SourceDate "2017.03.02"]
[SourceVersion "1"]
[SourceVersionDate "2017.03.02"]
[SourceQuality "1"]

1. e4 d5 2. exd5 Nf6 3. Nf3 Bg4 4. d4 Nxd5 5. c3 e6 6. Nbd2 Be7 7. Qb3 Nb6 8. Bd3 0-0 9. 0-0 c5 10. h3 Bxf3 11. Nxf3 N8d7 12. Qc2 h6 13. Bf4 Rc8 14. b3 cxd4 15. c4 Nd5 16. Bg3 Bf6 17. Qd2 Ne7 18. Rfe1 Nc5 19. Ne5 Bxe5 20. Bxe5 f6 21. Bg3 Nxd3 22. Qxd3 e5 23. f4 Nc6 24. fxe5 fxe5 25. Bxe5 Re8 26. Bf4 Rxe1+ 27. Rxe1 a5 28. a3 Qf8 29. Bc1 Qf6 30. Bb2 Rd8 31. Rf1 Qg5 32. Bc1 Qe7 33. Rf4 Qe5 34. Rg4 Qe1+ 35. Qf1 Qxf1+ 36. Kxf1 g5 37. h4 Ne5 38. Rg3 Rf8+ 39. Ke1 Kh7 40. hxg5 hxg5 41. Rxg5 Re8 42. Kd2 Kh6 43. Rg3 Kh7 44. Rh3+ Kg6 45. Rh1 Rf8 46. Re1 Nc6 47. Kd3 Rf2 48. Re8 Kf7 49. Re4 Rxg2 50. Rf4+ Ke6 51. Re4+ Kd7 52. Rf4 Ra2 53. Rf7+ Kc8 54. Rf8+ Kd7 55. a4 Rg2 56. Rf4 Rg3+ 57. Kc2 Nb4+ 58. Kd2 Rg2+ 59. Kd1 Rg1+ 1/2-1/2

[Event "Kuala Lumpur UM KPT op"]
[Site "Kuala Lumpur"]
[Date "2016.12.17"]
[Round "5"]
[White "Aminuddin, Nur Farihah"]
[Black "Tee, Han Kang"]
[Result "0-1"]
[WhiteElo "1569"]
[BlackElo "1559"]
[PlyCount "66"]
[EventDate "2016.12.16"]
[EventType "swiss"]
[EventRounds "9"]
[EventCountry "MAS"]
[SourceTitle "CBM 176 Extra"]
[Source "ChessBase"]
[SourceDate "2017.03.02"]
[SourceVersion "1"]
[SourceVersionDate "2017.03.02"]
[SourceQuality "1"]

1. d4 Nf6 2. Nf3 g6 3. Bf4 Bg7 4. Nc3 d6 5. Qd2 Nbd7 6. e4 0-0 7. Bh6 c6 8. Bxg7 Kxg7 9. 0-0-0 b5 10. h4 b4 11. e5 bxc3 12. exf6+ Nxf6 13. Qxc3 Bd7 14. Be2 h5 15. Ng5 Qb6 16. Bc4 d5 17. Bb3 a5 18. a4 Rac8 19. Rde1 e6 20. f3 c5 21. dxc5 Rxc5 22. Qd3 Rb8 23. Kd1 Qc7 24. Re3 d4 25. Re2 Rb4 26. Rhe1 Bxa4 27. Bxa4 Rxa4 28. Rxe6 Ra1+ 29. Ke2 Rxc2+ 30. Kf1 Rxe1+ 31. Rxe1 Rxb2 32. Qxd4 Qc2 33. Qg1 Qd3+ 0-1

[Event "Kuala Lumpur UM KPT op"]
[Site "Kuala Lumpur"]
[Date "2016.12.17"]
[Round "4"]
[White "Le, Hao Ming"]
[Black "Aminuddin, Nur Farihah"]
[Result "0-1"]
[WhiteElo "1019"]
[BlackElo "1569"]
[PlyCount "40"]
[EventDate "2016.12.16"]
[EventType "swiss"]
[EventRounds "9"]
[EventCountry "MAS"]
[SourceTitle "CBM 176 Extra"]
[Source "ChessBase"]
[SourceDate "2017.03.02"]
[SourceVersion "1"]
[SourceVersionDate "2017.03.02"]
[SourceQuality "1"]

1. e4 d5 2. exd5 Nf6 3. Nc3 Nxd5 4. Bc4 Be6 5. Bb3 g6 6. Nf3 Nxc3 7. bxc3 Bd5 8. 0-0 Bg7 9. Bb2 0-0 10. Re1 Nc6 11. Rb1 e6 12. c4 Bxf3 13. Qxf3 Bxb2 14. Rxb2 Qxd2 15. Rd1 Qa5 16. h3 Rad8 17. Rbb1 Qc5 18. c3 b6 19. Ba4 Rxd1+ 20. Rxd1 Ne5 0-1